<?xml version="1.0" encoding="UTF-8"?>
<record
    xmlns:xsi="http://www.w3.org/2001/XMLSchema-instance"
    xsi:schemaLocation="http://www.loc.gov/MARC21/slim http://www.loc.gov/standards/marcxml/schema/MARC21slim.xsd"
    xmlns="http://www.loc.gov/MARC21/slim">

  <leader>01846    a2200217   4500</leader>
  <controlfield tag="001">22361</controlfield>
  <controlfield tag="005">20260407155513.0</controlfield>
  <controlfield tag="008">260407a1968    arg                 spa d</controlfield>
  <controlfield tag="003">AR-UNSa-BCEJYS</controlfield>
  <datafield tag="040" ind1=" " ind2=" ">
    <subfield code="a">AR-UNSa-BCEJYS</subfield>
    <subfield code="b">spa</subfield>
    <subfield code="c">AR-UNSa-BCEJYS</subfield>
  </datafield>
  <datafield tag="080" ind1=" " ind2=" ">
    <subfield code="a">658:631.1</subfield>
    <subfield code="x">Administraci&#xF3;n de empresas agropecuarias(maquinarias, etc.)</subfield>
  </datafield>
  <datafield tag="245" ind1="1" ind2="0">
    <subfield code="a">Administraci&#xF3;n de empresas agropecuarias</subfield>
    <subfield code="p">el proceso de toma de decisiones</subfield>
  </datafield>
  <datafield tag="264" ind1=" " ind2="1">
    <subfield code="a">Buenos Aires :</subfield>
    <subfield code="b">El Ateneo</subfield>
    <subfield code="c">1968</subfield>
  </datafield>
  <datafield tag="300" ind1=" " ind2=" ">
    <subfield code="a">332 p.</subfield>
    <subfield code="c">23 cm.</subfield>
  </datafield>
  <datafield tag="505" ind1=" " ind2=" ">
    <subfield code="a">Parte I: 1. El proceso de toma de decisiones - 2. La ocupaci&#xF3;n de la empresa agropecuaria - Parte II: 3. Principios econ&#xF3;micos y administraci&#xF3;n agropecuaria - 4. Registros agropecuarios: su prop&#xF3;sito y su descripci&#xF3;n - 5. El balance patrimonial y el de resultados - 6. El an&#xE1;lisis integral de los registros - 7. El presupuesto de la empresa agr&#xED;cola - 8. Los riesgos y la inseguridad en la agricultura - Parte III: Adquisici&#xF3;n y los factores de producci&#xF3;n - 9. La adquisici&#xF3;n del capital - 10. Adquisici&#xF3;n de la tierra - 11. Dimensi&#xF3;n del predio - 12. La selecci&#xF3;n y la combinaci&#xF3;n de actividades - Parte IV: 13. La adquisici&#xF3;n de la producci&#xF3;n agr&#xED;cola - 14. Administraci&#xF3;n de la tierra y el agua - 15. La administraci&#xF3;n de la tierra ganadera - 16. Administraci&#xF3;n de la mano de obra - 17. Administraci&#xF3;n de la maquinaria - 18. Edificios agropecuarios y disposici&#xF3;n en la empresa agropecuaria - 19. Administraci&#xF3;n de impuestos a los r&#xE9;ditos - Parte V: 20. La adaptaci&#xF3;n del cambio sobre la organizaci&#xF3;n y la administraci&#xF3;n agropecuarias. </subfield>
  </datafield>
  <datafield tag="942" ind1=" " ind2=" ">
    <subfield code="c">BK</subfield>
  </datafield>
  <datafield tag="590" ind1=" " ind2=" ">
    <subfield code="a">niveau_biblio:m niveau_hierar:0</subfield>
  </datafield>
  <datafield tag="100" ind1="1" ind2=" ">
    <subfield code="a">Castle, Emery N.</subfield>
  </datafield>
  <datafield tag="700" ind1="1" ind2=" ">
    <subfield code="a">Becker, Manning H.</subfield>
  </datafield>
  <datafield tag="856" ind1="4" ind2="1">
    <subfield code="u">https://biblioeco.unsa.edu.ar/pmb/images/libros/administracion de empresas agropecuarias.jpg</subfield>
    <subfield code="y">Imagen de portada</subfield>
    <subfield code="q">image/jpeg</subfield>
  </datafield>
  <datafield tag="999" ind1=" " ind2=" ">
    <subfield code="c">981</subfield>
    <subfield code="d">981</subfield>
  </datafield>
  <datafield tag="952" ind1=" " ind2=" ">
    <subfield code="0">0</subfield>
    <subfield code="1">0</subfield>
    <subfield code="4">0</subfield>
    <subfield code="7">0</subfield>
    <subfield code="a">BCEJYS</subfield>
    <subfield code="b">BCEJYS</subfield>
    <subfield code="c">16</subfield>
    <subfield code="d">2026-04-07</subfield>
    <subfield code="l">0</subfield>
    <subfield code="o">658:631.1 C353</subfield>
    <subfield code="p">L24656</subfield>
    <subfield code="r">2026-04-07 15:55:13</subfield>
    <subfield code="w">2026-04-07</subfield>
    <subfield code="y">L</subfield>
  </datafield>
</record>
